=LDR 00000nam 2200000 4500 =001 INLIS000000000047044 =005 20150703104612.0 =006 =007 =008 =020 ##$$a978.979-008-703-3 =035 ##$$0010-071500000000014 =040 ##$$a NBPDMAT =082 ##$$a 025.7 =090 ##$$a 025.7 Ind p =100 ##$$a Indah Purwani =245 ##$$a Pedoman pembuatan partepel : sarana penyimpanan bahan perpustakaan / Indah Purwani, Damaji Ratmono =260 ##$$a Jakarta $b Perpustakaan Nasional RI $c 24 cm =300 ##$$a vii, 90 hlm. : ilus. ; 24 cm =500 ##$$a Bibliografi : hlm 89 =650 ##$$a Bahan Pustaka - Pemeliharaan dan Perbaikan - Buku Pedoman =700 ##$$a Ramaji Ratmono =850 ##$$a NBPDMAT =990 ##$$a 2090100931/BPAP-NTB/2015 =990 ##$$a 2090100932/BPAP-NTB/2015 =990 ##$$a 2090101061/BPAP-NTB/2015 =990 ##$$a 2090101062/BPAP-NTB/2015